| 000 | 00999nam a2200205 4500 | ||
|---|---|---|---|
| 001 | 144130 | ||
| 003 | ES-MaACL | ||
| 005 | 20230906200942.0 | ||
| 007 | t| | ||
| 008 | 070214s1982 sp r ||||1| spa d | ||
| 111 | 2 |
_aSimposio Nacional de Economía y Salud ( _cMadrid ( _d1982) ( _n. 1º) _9135221 |
|
| 245 | 1 | 0 |
_aEconomía y salud _b: [este volumen recoge los textos del Simposio Nacional del mismo título celebrado en Madrid del 17 al 19 de mayo de 1982] / _crealizado por el Instituto de Ciencias del Hombre por encargo de la Caja de Ahorros y Monte de Piedad de Madrid ; Victor Conde ... [et al.]. |
| 260 |
_aMadrid : _bKarpos, _c1982. |
||
| 300 |
_a412 p. ; _c22 cm. |
||
| 500 | _aPrecede al tít.: Caja de Ahorros y Monte de Piedad de Madrid. Instituto de Ciencias del Hombre. | ||
| 700 | 1 |
_aConde, Victor. _940109 |
|
| 710 | 0 | 0 |
_aCaja Madrid. _92336 |
| 710 | 2 |
_aInstituto de Ciencias del Hombre. _bSeminario de Investigación Sociológica. _94838 |
|
| 852 |
_aES-MaACL _jL-10637 _bR.112462 |
||
| 999 |
_c144130 _d144130 |
||